Words that End in "-cur" - Statistics

General Stats
  • This quiz has been taken 233 times
  • The average score is 3 of 5
Answer Stats
Answer % Correct
Occur
87%
Concur
57%
Incur
55%
Recur
51%
Cur
23%
No matching quizzes found
Score Distribution
Percent of People with Each Score
Percentile by Number Answered
Your Score History
You have not taken this quiz